Cuentos de Antonio, el Tío Juan y Tata Puma / (Registro nro. 58026)

Detalles MARC
000 -CABECERA
Longitud fija campo de control 01265nam a2200349 a 4500
003 - • IDENTIFICADOR DELl NÚMERO DE CONTROL
Identificador del número de control CO-BoRNBP
005 - • FECHA Y HORA DE LA ÚLTIMA TRANSACCIÓN
Fecha y hora de la última transacción 20250814193125.0
007 - • CAMPO FIJO DE DESCRIPCIÓN FÍSICA
Campo fijo de descripción física ta
008 - • CÓDIGOS DE INFORMACIÓN DE LONGITUD FIJA
Códigos de información de longitud fija 980702s1998 ck a gr 000 jdspa
020 ## - • NÚMERO INTERNACIONAL NORMALIZADO PARA LIBROS
Número Internacional Normalizado para Libros (ISBN) 9580700818 (colección)
020 ## - • NÚMERO INTERNACIONAL NORMALIZADO PARA LIBROS
Número Internacional Normalizado para Libros (ISBN) 9580711895
040 ## - FUENTE DE LA CATALOGACIÓN
Centro catalogador de origen CO-BoBN
Lengua de catalogación spa
Centro transcriptor CO-BoBN
082 04 - • NÚMERO DE LA CLASIFICACIÓN DECIMAL DEWEY
Número de clasificación (R) Ch863.44
Número de edición 20
100 1# - • PUNTO DE ACCESO PRINCIPAL-NOMBRE DE PERSONA
Nombre de persona Schkolnik Bendersky, Saúl
245 10 - • TITULO PROPIAMENTE DICHO
Título Cuentos de Antonio, el Tío Juan y Tata Puma /
Mención de responsabilidad, etc. Saúl Schkolnik Bendersky en colaboración con Demián Schkolnik ; ilustraciones de Alvaro Toro
250 ## - • MENCIÓN DE EDICIÓN
Mención de edición 1a. edición
300 ## - • DESCRIPCIÓN FÍSICA
Extensión 75 p. :
Otras características físicas il. ;
Dimensiones 19 cm
336 ## - TIPO DE CONTENIDO
Fuente rdacontent
Término de tipo de contenido texto
Código de tipo de contenido txt
337 ## - TIPO DE MEDIO
Fuente rdamedia
Nombre del tipo de medio sin mediación
Código del tipo de medio n
338 ## - TIPO DE SOPORTE
Fuente rdacarrier
Nombre del tipo de soporte volumen
Código del tipo de soporte nc
490 #0 - • MENCIÓN DE SERIE
Mención de serie Alfombra mágica.
Nombre de la parte/sección (NR) Cuento
500 ## - • NOTA GENERAL
Nota general Coedición: Ediciones Susaeta.
500 ## - • NOTA GENERAL
Nota general Incluye datos biográficos del autor en tapa posterior
650 ## - • PUNTO DE ACCESO ADICIONAL DE MATERIA - TÉRMINO DE MATERIA
Término de materia o nombre geográfico como elemento inicial Cuentos chilenos
Fuente del encabezamiento o término LEMB
700 1# - • PUNTO DE ACCESO ADICIONAL - NOMBRE DE PERSONA
Nombre de persona Schkolnik, Demián
Término indicativo de función colaborador
700 1# - • PUNTO DE ACCESO ADICIONAL - NOMBRE DE PERSONA
Nombre de persona Toro, Álvaro,
Término indicativo de función ilustrador
930 ## - EQUIVALENCIA O SECCIÓN-REFERENCIA-TÍTULO ENCABEZAMIENTO UNIFORME [LOCAL, CANADA]
T&íacute;tulo uniforme cjo
942 ## - ENTRADA DE ELEMENTOS AGREGADOS (KOHA)
Fuente de clasificaión o esquema Dewey Decimal Classification
Koha [por defecto] tipo de item LIbro
949 ## - TRATAMIENTO DE LA INFORMACIÓN LOCAL (OCLC)
a A 9410
m D.SAMPER
l LIB/MODER
k LIB/MODER
t LIBRO
x DEP/LEGAL
z GENERAL
r Y
s Y
949 ## - TRATAMIENTO DE LA INFORMACIÓN LOCAL (OCLC)
a PA 6182
m PRESERVACI
l PRESERVACI
k PRESERVACI
t LIBRO
x DEP/LEGAL
z PRESERVACI
r Y
s Y
Existencias
Perdido Fuente de clasificación o esquema Estado Físico No para préstamo Forma de adquisición Localización permanente Localización actual Localización en estanterías Fecha adquisición Préstamos totales Signatura completa Código de barras Fecha última consulta Número de copia Fecha del precio de reemplazo Tipo de item de Koha
  Dewey Decimal Classification     Infantil Biblioteca Pública José Eustasio Rivera - San Martin Biblioteca Pública José Eustasio Rivera - San Martin Sala Infantil 02/05/2026   Ch863.44 SM04365 02/05/2026 Ej.1 02/05/2026 LIbro
  Dewey Decimal Classification     Colección General Biblioteca Pública Puerto López - Jorge Eliecer Gaitán Biblioteca Pública Puerto López - Jorge Eliecer Gaitán General 11/06/2025   Ch863.44 PLZ02236 11/06/2025 Ej.1 11/06/2025 Libro Literatura
  Clasificación Local Facetada     Infantil Biblioteca Pública San Juanito - Ernesto Maria Peña Romero Biblioteca Pública San Juanito - Ernesto Maria Peña Romero Sala Infantil 08/14/2025   C SCH5 SJU01316 08/14/2025 Ej.1 08/14/2025 LIbro









Instituto Departamental de Cultura del Meta - Red Departamental de Bibliotecas Públicas del Meta.